Martin and the teacher's pets / (Record no. 8434)

MARC details
000 -LEADER
fixed length control field 01433cam a22004213a 4500
001 - CONTROL NUMBER
control field 8434
003 - CONTROL NUMBER IDENTIFIER
control field FISKH
005 - DATE AND TIME OF LATEST TRANSACTION
control field 20250911154020.0
008 - FIXED-LENGTH DATA ELEMENTS--GENERAL INFORMATION
fixed length control field 111119s1991 nyua j 000 1 eng d
010 ## - LIBRARY OF CONGRESS CONTROL NUMBER
LC control number 2011514259
020 ## - INTERNATIONAL STANDARD BOOK NUMBER
International Standard Book Number 9780590449311
020 ## - INTERNATIONAL STANDARD BOOK NUMBER
International Standard Book Number 0590449311
020 ## - INTERNATIONAL STANDARD BOOK NUMBER
International Standard Book Number 9780590698696
035 ## - SYSTEM CONTROL NUMBER
System control number 17051647
035 ## - SYSTEM CONTROL NUMBER
System control number (OCoLC)24947297
040 ## - CATALOGING SOURCE
Original cataloging agency EXR
Transcribing agency EXR
Modifying agency OCL
-- MUS
-- BTCTA
-- YDXCP
-- VVW
-- VUE
-- DLC
050 ## - LIBRARY OF CONGRESS CALL NUMBER
Classification number PZ7.C3736 M
082 ## - DEWEY DECIMAL CLASSIFICATION NUMBER
Classification number 107
100 1# - MAIN ENTRY--PERSONAL NAME
Personal name Chardiet, Bernice.
245 10 - TITLE STATEMENT
Title Martin and the teacher's pets /
Statement of responsibility, etc. by Bernice Chardiet and Grace Maccarone ; pictures by G. Brian Karas.
260 ## - PUBLICATION, DISTRIBUTION, ETC.
Place of publication, distribution, etc. New York :
Name of publisher, distributor, etc. Scholastic Inc.,
Date of publication, distribution, etc. 1991.
300 ## - PHYSICAL DESCRIPTION
Extent 44 unnumbered pages :
Other physical details color illustrations ;
Dimensions 23 cm
336 ## - CONTENT TYPE
Content type term text
Content type code txt
Source rdacontent
337 ## - MEDIA TYPE
Media type term unmediated
Media type code n
Source rdamedia
338 ## - CARRIER TYPE
Carrier type term volume
Carrier type code nc
Source rdacarrier
490 1# - SERIES STATEMENT
Series statement School friends
505 ## - FORMATTED CONTENTS NOTE
Formatted contents note J<br/>
520 ## - SUMMARY, ETC.
Summary, etc. When Martin takes his teacher's classroom fish home for the holidays, his carelessness causes him troubles involving his little sister.
521 8# - TARGET AUDIENCE NOTE
Target audience note 490<br/>
Source Lexile<br/>
521 8# - TARGET AUDIENCE NOTE
Target audience note J<br/>
Source Raz-Plus<br/>
650 #0 - SUBJECT ADDED ENTRY--TOPICAL TERM
Topical term or geographic name entry element Goldfish
Form subdivision Fiction.
655 #7 - INDEX TERM--GENRE/FORM
Genre/form data or focus term Children's stories.
Source of term lcsh
655 #7 - INDEX TERM--GENRE/FORM
Genre/form data or focus term Fiction.
Source of term lcgft
Authority record control number or standard number https://id.loc.gov/authorities/genreForms/gf2014026339
700 1# - ADDED ENTRY--PERSONAL NAME
Personal name Karas, G. Brian.
Relator term illustrator
906 ## - LOCAL DATA ELEMENT F, LDF (RLIN)
a 7
b cbc
c copycat
d 2
e ncip
f 20
g y-genrareb
942 ## - ADDED ENTRY ELEMENTS (KOHA)
Source of classification or shelving scheme Dewey Decimal Classification
Koha item type Books
Suppress in OPAC No
Holdings
Withdrawn status Lost status Source of classification or shelving scheme Damaged status Not for loan Collection Home library Current library Shelving location Date acquired Total Checkouts Full call number Barcode Date last seen Copy number Price effective from Koha item type
    Dewey Decimal Classification     Juvenile Fiction Footprints International School Library Network Toul Tom Poung Campus Footprints International School Library Network Toul Tom Poung Campus TTP Primary Dark Blue Bookshelves 09/11/2025   CHA 107 PZ7.C3736 M FISBK05315 09/11/2025 1 09/11/2025 Books